000 00712nam a2200301Ia 4500
005 20260401122334.0
008 008 250103s9999 xx 000 0 eng d
020 _a8170463165
037 _aTB
040 _aEDL
040 _beng
040 _cEDL
041 _2eng
041 _aeng
084 _a791.370941 JAI
084 _qEDL
100 _aJaikumar, Priya
_9995036
245 0 _aCinema at the End of Empire: Politics of Transition in Britain and India
245 0 _cJaikumar, Priya
260 _aCalcutta
260 _bSeagull Books
260 _c2007
300 _a318p
942 _cTB
942 _h791.370941 JAI
999 _c1846611
_d1846611